书目信息 |
| 题名: |
旅游景区开发与管理
|
|
| 作者: | 郑耀星 主编 | |
| 分册: | ||
| 出版信息: | 北京 旅游教育出版社 2010 |
|
| 页数: | 263页 | |
| 开本: | 21cm | |
| 丛书名: | ||
| 单 册: | ||
| 中图分类: | F590.3 , F590.6 | |
| 科图分类: | ||
| 主题词: | 风景区--旅游资源--资源开发--高等学校--教材 , 风景区 , 旅游资源 , 风景区--经济管理--高等学校--教材 , 经济管理 , 资源开发 | |
| 电子资源: | ||
| ISBN: | 978-7-5637-1921-1 | |
| 000 | 01234nam0 2200325 450 | |
| 001 | 140188 | |
| 005 | 20140925112843.59 | |
| 010 | @a978-7-5637-1921-1@dCNY 19.00 | |
| 100 | @a20101229d2010 em y0chiy50 ea | |
| 101 | 0 | @achi |
| 102 | @aCN@b110000 | |
| 105 | @ay z 000yy | |
| 200 | 1 | @a旅游景区开发与管理@Alv you jing qu kai fa yu guan li@b专著@f郑耀星主编 |
| 210 | @a北京@c旅游教育出版社@d2010 | |
| 215 | @a263页@d21cm | |
| 300 | @a全国旅游管理专业应用型本科规划教材 国家质量工程项目:旅游管理人才培养与行业互动创新实验区教材 中国旅游协会旅游教育分会推荐教材 | |
| 312 | @a封面英文题名:Development and management of scenic spots | |
| 330 | @a本书阐述了景区开发的过程,并探讨了景区管理中涉及的一些主要问题;全面审视景区在整个旅游业中扮演的角色,探讨了开发新景区所涉及的问题以及管理中面临的挑战。 | |
| 510 | 1 | @aDevelopment and management of scenic spots@zeng |
| 606 | 0 | @a风景区@x旅游资源@x资源开发@x高等学校@j教材 |
| 606 | 0 | @a风景区 |
| 606 | 0 | @a旅游资源 |
| 606 | 0 | @a风景区@x经济管理@x高等学校@j教材 |
| 606 | 0 | @a经济管理 |
| 606 | 0 | @a资源开发 |
| 690 | @aF590.3@v4 | |
| 690 | @aF590.6@v4 | |
| 701 | 0 | @a郑耀星@Azheng yao xing@4主编 |
| 801 | 0 | @aCN@b110019@c20140925 |
| 905 | @a241430@dF590.3@eZ455 | |
| 旅游景区开发与管理/郑耀星主编.-北京:旅游教育出版社,2010 |
| 263页;21cm |
| 全国旅游管理专业应用型本科规划教材 国家质量工程项目:旅游管理人才培养与行业互动创新实验区教材 中国旅游协会旅游教育分会推荐教材 |
| ISBN 978-7-5637-1921-1:CNY 19.00 |
| 本书阐述了景区开发的过程,并探讨了景区管理中涉及的一些主要问题;全面审视景区在整个旅游业中扮演的角色,探讨了开发新景区所涉及的问题以及管理中面临的挑战。 |
| ● |
| 相关链接 |
|
|
|
正题名:旅游景区开发与管理
索取号:F590.3/Z455
 
预约/预借
| 序号 | 登录号 | 条形码 | 馆藏地/架位号 | 状态 | 备注 |
| 1 | 0833872 | 208338725 | 社科二线422/409社科库 39排2列1层/ [索取号:F590.3/Z455] | 在馆 | |
| 2 | 0833873 | 208338734 | 社科库409/409社科库 39排2列1层/ [索取号:F590.3/Z455] | 在馆 | |
| 3 | 0833874 | 208338743 | 社科库409/409社科库 39排2列1层/ [索取号:F590.3/Z455] | 在馆 |